| 000 | 00606nam a2200157Ia 4500 | ||
|---|---|---|---|
| 008 | 230907s9999||||xx |||||||||||||| ||und|| | ||
| 082 |
_a620 _bUSH |
||
| 100 |
_aHafiz Muhammad Ushamah (00000318330) _9116698 |
||
| 245 | 4 | _aThe impact of different solar thermal technologies and climate zones on thermo-economic performance of hybrid district space heating system integrated with seasonal thermal energy storage/ | |
| 260 |
_aUSPCAS-E, NUST, _bIslamabad : _c2022 |
||
| 300 | _axv, 68 p. | ||
| 520 | _aTH-368 | ||
| 650 | _aMS-TEE Thesis MS Thesis | ||
| 700 |
_aDr Naveed Ahmad _9118070 |
||
| 942 |
_cTHE _2ddc |
||
| 999 |
_c602046 _d602046 |
||